Selected Papers from the Annual Meeting (Society of Christian Ethics)

Bibliografiset tiedot
Aineistotyyppi: Elektroninen Aikakauslehti
Kieli:English
Julkaistu: Philosophy Documentation Center
Aiheet:
Linkit:Full text available on JSTOR[1/1/80]
Off-campus access
LEADER 00998cas a2200205 a 4500
001 AALejournalJSTOR002608
008 230228c9999 xx r poo 0 0eng d
022 |a 0278-4645 
022 |a 2372-904X 
040 |a BD-DhAAL  |c BD-DhAAL 
245 0 0 |h [electronic resource]  |a Selected Papers from the Annual Meeting (Society of Christian Ethics) 
260 |b Philosophy Documentation Center 
300 |a 1 online resource 
500 |a <strong>Off-Campus Access:</strong> Athens ID and Password Required 
500 |a <strong>On-Campus Access:</strong> No User ID or Password Required 
506 |a Electronic access restricted to authorized BRAC University faculty, staff and students 
538 |a Mode of access: Internet 
650 4 |a Humanities ; Philosophy ; Religion 
856 4 0 |z Full text available on JSTOR[1/1/80]  |u https://www.jstor.org/journal/selpapsocchreth 
856 4 0 |z Off-campus access  |u https://go.openathens.net/redirector/bracu.ac.bd?url=https%3A%2F%2Fwww.jstor.org%2Fjournal%2Fselpapsocchreth